000
00351nam a2200145Ia 4500
008
231217s9999 xx 000 0 und d
041
_a
English
082
_a
621.31 YOG;6
100
_a
Yoganarasimhan, B N
245
0
_a
Electrical sciences
260
_c
1997
_b
Shiva Book Centre
300
_a
529
650
_a
Electrical sciences
942
_c
AA
999
_c
165362
_d
165362